00360nam a22001337a 450000500170000000800410001704100130005808200120007110000120008324500270009526000470012230000310016965000260020020240729074407.0240729b |||||||| |||| 00| 0 eng d aEnglish  a349 SUP lEnglish aSupreme Court Reports  aCape Town: bJuta and Company Ltd, c1907  blxix, 772 pages; c26 cm.  aLegal practice bLaw